A Comparative Analysis of Idioms with Lexemes Money and Peniaze in English and Slovak
165 idiómov, obsahujúcich lexémy money v angličtine a peniaze v slovenčine, keďže koncept peňazí je v obchodnej angličtine jedným z centrálnych pojmov.
Salvato in:
| Autore principale: | |
|---|---|
| Natura: | Capitolo di libro |
| Lingua: | inglese |
| Soggetti: | |
| Tags: |
Nessun Tag, puoi essere il primo ad aggiungerne!!
|
MARC
| LEADER | 00000naa$a2200000$$$4500 | ||
|---|---|---|---|
| 001 | 0297272 | ||
| 005 | 20240502074512.4 | ||
| 041 | 0 | |a eng | |
| 044 | |a SK | ||
| 245 | 1 | 0 | |a A Comparative Analysis of Idioms with Lexemes Money and Peniaze in English and Slovak |c Eva Maierová |
| 520 | |a 165 idiómov, obsahujúcich lexémy money v angličtine a peniaze v slovenčine, keďže koncept peňazí je v obchodnej angličtine jedným z centrálnych pojmov. | ||
| 610 | 2 | 0 | |a analýza komparatívna |
| 610 | 2 | 0 | |a peniaze |
| 610 | 2 | 0 | |a jazykoveda |
| 610 | 2 | 0 | |a jazyky cudzie |
| 610 | 2 | 0 | |a slovenčina |
| 610 | 2 | 0 | |a angličtina |
| 610 | 2 | 0 | |a frazeológia |
| 100 | 1 | |a Maierová, Eva, 1965- | |